Confronting historical paradigms : peasants, labor and the capitalist word system in Africa and Latin America

Αποθηκεύτηκε σε:
Λεπτομέρειες βιβλιογραφικής εγγραφής
Μορφή: Βιβλίο
Γλώσσα:English
Δημοσίευση: London : University of Wisconsin Press, 1993
Θέματα:
Ετικέτες: Προσθήκη ετικέτας
Δεν υπάρχουν, Καταχωρήστε ετικέτα πρώτοι!

MARC

LEADER 00000nam a2200000 i 4500
001 1/3578
008 960328s1993 eng d
020 |a 0-299-13684-1 
035 |l 10015267 
040 |a GR-MY-UA  |b gre  |e aacr 
041 0 |a eng 
082 0 |a 306.096 
245 1 0 |a Confronting historical paradigms :  |b peasants, labor and the capitalist word system in Africa and Latin America /  |c Frederick Cooper... [et al.] 
260 |a London :   |b University of Wisconsin Press,   |c 1993 
300 |a 430 p. 
504 |a Includes bibliographical references and index 
650 0 0 |a Economic history  |x Historiography. 
650 0 0 |a Social history  |x Historiography. 
651 0 |a Africa  |x Economic conditions  |y 1960- 
651 0 |a Africa  |x Social conditions. 
651 0 |a Latin America  |x Economic conditions. 
651 0 |a Latin America  |x Social conditions. 
852 |a INST  |b LESVOS  |e 19960328  |h 306.096 COO  |p 005100006723  |q 005100006723  |t BK  |y 0 
909 |a Λ  |b 043988